Statistics for American TV Characters by Clue

Click here to take the quiz!

General Stats

  • This quiz has been taken 4,021 times
  • The average score is 8 of 20

Answer Stats

CluesTV Character% Correct
Physicist, Asperger, Bazinga!Sheldon Cooper
70%
Green, Dates a Pig, Rainbow ConnectionKermit the Frog
69%
Vicodin, Cane, SherlockDr. House
68%
Likes Acme Products, Enemy is a Bird, Accident ProneWile E. Coyote
67%
Suit Up, Son of Bob Barker?, Goliath NationalBarney Stinson
51%
Beefcake!, Promiscuous Mom, Respect his AuthoritayEric Cartman
47%
Neat Freak, Fat in High School, Worked at Moondance DinerMonica Geller
44%
Matricide, World Domination, Probably GayStewie Griffin
44%
Doctor, Likes Jazz, Wears SweatersHeathcliff Huxtable
40%
Vandelay Industries, Wishes he was an Architect, Larry DavidGeorge Costanza
38%
Sector 7G, Middle Name is Jay, OverweightHomer Simpson
37%
Duct Tape, Hates Guns, Phoenix FoundationAngus MacGyver
35%
Beets, Sheriff's Deputy, Has a Cousin Named MoseDwight Schrute
29%
Two Ex's Named Tammy, Hates Government, MustacheRon Swanson
27%
Banger in the Mouth, Blue Man Group, Wannabe ActorTobias Fünke
26%
Made in Mexico, Kleptomaniac, Runs on AlcoholBender Rodriguez
24%
Has Facts about Him, Tortures People, Friends with the PresidentJack Bauer
24%
Last Name = Fruit, TV Writer, Loves Junk FoodLiz Lemon
24%
Stolen Identity, Madison Avenue, Irresistible to WomenDon Draper
20%
Teaches Spanish, El Tigre Chino, Has Clothes Stolen from YMCASeñor Chang
17%

Score Distribution

Percentile by Number Answered

Percent of People with Each Score

Your Score History

You have not taken this quiz